[Event "Zonal 2.5 Absoluto"]
[Site "Asuncion"]
[Date "2009.06.11"]
[Round "2"]
[White "Mareco, Sandro"]
[Black "Pereira, Fabian"]
[Result "1-0"]
[WhiteElo "2503"]
[BlackElo "2062"]
[PlyCount "79"]
[EventDate "2009.06.10"]
[EventType "team"]
[EventRounds "9"]
[EventCountry "PAR"]
[SourceDate "2009.06.10"]

1. d4 Nf6 2. c4 g6 3. Nc3 Bg7 4. e4 d6 5. Be2 O-O 6. Nf3 c5 7. O-O Nc6 8. d5
Na5 9. Bg5 h6 10. Bd2 e5 11. a3 b6 12. b4 Nb7 13. g3 Bd7 14. Nh4 Nh7 15. Kh1
Qe7 16. Be3 g5 17. Nf5 Bxf5 18. exf5 e4 19. Rc1 Qe5 20. g4 Rfe8 21. Re1 Re7 22.
Bf1 Rc8 23. Kg1 Nf8 24. Rc2 cxb4 25. axb4 a5 26. bxa5 bxa5 27. Nxe4 Qxe4 28.
Bd2 a4 29. Rxe4 Rxe4 30. Bd3 Ree8 31. f6 Bxf6 32. Bb4 Nd7 33. Bf5 Ndc5 34. Bxc8
Rxc8 35. Qf3 Be5 36. Qf5 Rc7 37. Ra2 Kg7 38. Kg2 Nb3 39. Rxa4 Rxc4 40. Bxd6 1-0

[Event "Zonal 2.5 Absoluto"]
[Site "Asuncion"]
[Date "2009.06.11"]
[Round "2"]
[White "Morovic, Ivan"]
[Black "Roselli, Bernardo"]
[Result "1-0"]
[WhiteElo "2551"]
[BlackElo "2379"]
[PlyCount "109"]
[EventDate "2009.06.10"]
[EventType "team"]
[EventRounds "9"]
[EventCountry "PAR"]
[SourceDate "2009.06.10"]

1. Nf3 Nf6 2. c4 g6 3. g3 Bg7 4. Bg2 O-O 5. O-O d6 6. d4 Nc6 7. Nc3 a6 8. Qd3
Nd7 9. Be3 a5 10. Qd2 e5 11. Rad1 a4 12. dxe5 Ndxe5 13. Nxe5 Nxe5 14. Bg5 Qd7
15. Nd5 f6 16. Bh6 Bxh6 17. Qxh6 Qf7 18. Qc1 Be6 19. b3 axb3 20. axb3 c6 21.
Nc3 Qe7 22. Rd4 f5 23. Rfd1 Nf7 24. f4 Qf6 25. e4 Qg7 26. R4d3 Rfe8 27. Re3 Kf8
28. h3 fxe4 29. Rxe4 h5 30. Kh2 Bf5 31. Rxe8+ Rxe8 32. b4 Rc8 33. b5 Kg8 34.
bxc6 bxc6 35. Qe3 Qf6 36. Rd2 Qe6 37. Qd4 Qd7 38. g4 hxg4 39. hxg4 Bxg4 40. Ne4
Kf8 41. Nf6 Qf5 42. Kg3 g5 43. Nxg4 gxf4+ 44. Qxf4 Qxf4+ 45. Kxf4 Ke7 46. Ra2
Rc7 47. Ne3 Ne5 48. Bh3 Kf6 49. Ng4+ Nxg4 50. Bxg4 Ke7 51. Ra6 Kd8 52. Bf3 Kd7
53. Ke3 d5 54. c5 Rb7 55. Bxd5 1-0

[Event "Zonal 2.5 Absoluto"]
[Site "Asuncion"]
[Date "2009.06.11"]
[Round "2"]
[White "Perez Ferloni, Jose"]
[Black "Butti, Enrique"]
[Result "0-1"]
[WhiteElo "1916"]
[BlackElo "2100"]
[PlyCount "78"]
[EventDate "2009.06.10"]
[EventType "team"]
[EventRounds "9"]
[EventCountry "PAR"]
[SourceDate "2009.06.10"]

1. d4 c5 2. c3 cxd4 3. cxd4 d5 4. Nf3 Nc6 5. e3 Nf6 6. Nc3 a6 7. Be2 Bf5 8. a3
e6 9. O-O Bd6 10. b4 O-O 11. Nh4 Be4 12. f3 Ng4 13. fxg4 Qxh4 14. Rf3 Qxh2+ 15.
Kf1 Bg3 16. Rxg3 Qxg3 17. Bf3 f5 18. g5 Qxg5 19. Ke2 Bxf3+ 20. gxf3 Qg2+ 21.
Kd3 e5 22. Nxd5 e4+ 23. Kc3 exf3 24. Nf4 Qg3 25. Bd2 f2 26. Qb3+ Kh8 27. Rf1
Rae8 28. Kb2 Nd8 29. d5 Rf6 30. Qd3 Rh6 31. Qxf5 Rh2 32. Nd3 Kg8 33. Rxf2 Rxf2
34. Qxf2 Qxf2 35. Nxf2 Nf7 36. e4 Nd6 37. Kc3 Nxe4+ 38. Nxe4 Rxe4 39. d6 Kf7
0-1

[Event "Zonal 2.5 Absoluto"]
[Site "Asuncion"]
[Date "2009.06.11"]
[Round "2"]
[White "Riline, Alejandro"]
[Black "Roman, Rodrigo"]
[Result "1-0"]
[WhiteElo "2209"]
[BlackElo "1848"]
[PlyCount "113"]
[EventDate "2009.06.10"]
[EventType "team"]
[EventRounds "9"]
[EventCountry "PAR"]
[SourceDate "2009.06.10"]

1. Nf3 Nf6 2. g3 g6 3. Bg2 Bg7 4. d4 O-O 5. c4 d6 6. O-O Nbd7 7. Nc3 e5 8. h3
c6 9. e4 h6 10. Be3 Qc7 11. Qd2 Kh7 12. Rac1 Re8 13. d5 Nb6 14. b3 Ng8 15. dxc6
bxc6 16. Ne1 Bb7 17. Nd3 Rad8 18. Qc2 Ne7 19. f4 f6 20. c5 Nbc8 21. cxd6 Nxd6
22. Nd5 Qb8 23. Nxe7 Rxe7 24. f5 g5 25. Nc5 Bc8 26. Qe2 Qc7 27. Qh5 Ree8 28. h4
Qf7 29. Qe2 Nb7 30. hxg5 hxg5 31. Kf2 Bf8 32. Nxb7 Bxb7 33. Bxa7 Ra8 34. Be3
Ba3 35. Rc2 Kg7 36. Qg4 Be7 37. Rd1 Red8 38. Bf1 Ba6 39. Bxa6 Rxa6 40. Rxd8
Bxd8 41. Qe2 Qb7 42. Qd3 Bb6 43. Kf3 Bxe3 44. Qxe3 Ra8 45. Qc5 Rc8 46. Rd2 Qa6
47. Rd7+ Kg8 48. Qc4+ Qxc4 49. bxc4 Ra8 50. Rd6 Kg7 51. Rxc6 Rxa2 52. Rc7+ Kf8
53. Kg4 Re2 54. Kh5 Rxe4 55. Kg6 Rg4 56. Kxf6 Ke8 57. Ke6 1-0

[Event "Zonal 2.5 Absoluto"]
[Site "Asuncion"]
[Date "2009.06.11"]
[Round "2"]
[White "Valdes Escobar, Alvaro"]
[Black "Bachmann, Axel"]
[Result "1-0"]
[WhiteElo "2393"]
[BlackElo "2555"]
[PlyCount "57"]
[EventDate "2009.06.10"]
[EventType "team"]
[EventRounds "9"]
[EventCountry "PAR"]
[SourceDate "2009.06.10"]

1. c4 e5 2. Nc3 Nf6 3. Nf3 Nc6 4. e3 d5 5. cxd5 Nxd5 6. Bb5 Nxc3 7. bxc3 Bd7 8.
O-O Bd6 9. d4 O-O 10. e4 Re8 11. Bd3 h6 12. Re1 exd4 13. cxd4 Bg4 14. Bc4 Bb4
15. Re3 Bxf3 16. Rxf3 Ne5 17. Rb3 Bc5 18. Bd5 c6 19. dxc5 cxd5 20. exd5 Nc4 21.
Be3 Nxe3 22. Rxe3 Qf6 23. Rc1 Rad8 24. Rxe8+ Rxe8 25. Qd2 Rd8 26. h3 Qe5 27. d6
Rd7 28. Qe3 Qf6 29. Qe8+ 1-0

[Event "Zonal 2.5 Absoluto"]
[Site "Asuncion"]
[Date "2009.06.12"]
[Round "3"]
[White "Bachmann, Axel"]
[Black "Del Puerto, Rodrigo"]
[Result "1-0"]
[WhiteElo "2555"]
[BlackElo "2090"]
[PlyCount "63"]
[EventDate "2009.06.10"]
[EventType "team"]
[EventRounds "9"]
[EventCountry "PAR"]
[SourceDate "2009.06.10"]

1. e4 c5 2. Nc3 e6 3. Nf3 a6 4. d4 cxd4 5. Nxd4 Qc7 6. Bd3 Nf6 7. O-O Bc5 8.
Nb3 Be7 9. f4 d6 10. Qe2 Nc6 11. Bd2 O-O 12. Rae1 Nd7 13. Kh1 b6 14. Nd5 exd5
15. exd5 Nce5 16. fxe5 Nxe5 17. Nd4 Bg4 18. Qe4 g6 19. Nc6 f5 20. Nxe7+ Qxe7
21. Qd4 Qc7 22. h3 Bh5 23. Bb4 Rfe8 24. Re3 Nxd3 25. Qxd3 Qf7 26. Bc3 Rxe3 27.
Qxe3 Re8 28. Qd4 Re5 29. Qxb6 Rxd5 30. Qd8+ Qf8 31. Qxf8+ Kxf8 32. g4 1-0

[Event "Zonal 2.5 Absoluto"]
[Site "Asuncion"]
[Date "2009.06.12"]
[Round "3"]
[White "Benitez, Jose"]
[Black "Garcia Cardenas, Pablo"]
[Result "0-1"]
[WhiteElo "1939"]
[BlackElo "2314"]
[PlyCount "52"]
[EventDate "2009.06.10"]
[EventType "team"]
[EventRounds "9"]
[EventCountry "PAR"]
[SourceDate "2009.06.10"]

1. d4 Nf6 2. Nf3 e6 3. c4 b6 4. Nc3 d5 5. Bf4 Be7 6. a3 O-O 7. Nb5 Na6 8. Ne5
Bb7 9. e3 c5 10. Bd3 dxc4 11. Bxc4 Bxg2 12. Rg1 Be4 13. Nc3 Bb7 14. Bh6 Ne8 15.
Qg4 Bf6 16. O-O-O cxd4 17. exd4 Qc7 18. Bb5 Bxe5 19. dxe5 f5 20. exf6 Rxf6 21.
Bxe8 Rxh6 22. Rd7 Rg6 23. Qxe6+ Rxe6 24. Bf7+ Kh8 25. Bxe6 Qxh2 26. Re1 Nc5 0-1

[Event "Zonal 2.5 Absoluto"]
[Site "Asuncion"]
[Date "2009.06.12"]
[Round "3"]
[White "Butti, Enrique"]
[Black "Gamarra, Ramon"]
[Result "1/2-1/2"]
[WhiteElo "2100"]
[BlackElo "1990"]
[PlyCount "57"]
[EventDate "2009.06.10"]
[EventType "team"]
[EventRounds "9"]
[EventCountry "PAR"]
[SourceDate "2009.06.10"]

1. e4 c5 2. Nf3 e6 3. d3 Nc6 4. g3 g6 5. Bg2 Bg7 6. O-O Nge7 7. Re1 d6 8. c3
O-O 9. d4 e5 10. d5 Nb8 11. b4 Nd7 12. bxc5 Nxc5 13. Ba3 Qa5 14. Bb4 Qc7 15.
Na3 Bd7 16. Nc4 f6 17. Bf1 a5 18. Bxc5 Qxc5 19. a4 b5 20. axb5 Bxb5 21. Nfd2 a4
22. Qb1 Rfb8 23. Qb4 Qxb4 24. cxb4 Bh6 25. Reb1 Nc8 26. Ra2 Kf7 27. Bh3 Ke7 28.
Bxc8 Bxd2 29. Na3 1/2-1/2

[Event "Zonal 2.5 Absoluto"]
[Site "Asuncion"]
[Date "2009.06.12"]
[Round "3"]
[White "Cubas, Jose Fernando"]
[Black "Morovic, Ivan"]
[Result "1/2-1/2"]
[WhiteElo "2435"]
[BlackElo "2551"]
[PlyCount "96"]
[EventDate "2009.06.10"]
[EventType "team"]
[EventRounds "9"]
[EventCountry "PAR"]
[SourceDate "2009.06.10"]

1. e4 e5 2. Nf3 Nc6 3. Bc4 Bc5 4. c3 Nf6 5. d3 d6 6. Bb3 Bb6 7. Nbd2 Ne7 8. Nc4
Ng6 9. Be3 O-O 10. O-O h6 11. h3 Re8 12. Qd2 Bxe3 13. fxe3 c6 14. Qf2 d5 15.
Ncd2 Be6 16. exd5 cxd5 17. d4 e4 18. Ne5 Nxe5 19. dxe5 Nd7 20. Ba4 Re7 21. Bxd7
Bxd7 22. Rad1 Qe8 23. c4 Rxe5 24. cxd5 Bb5 25. Rfe1 Rxd5 26. Nb3 Rxd1 27. Rxd1
Rc8 28. Nd4 Bd3 29. Qd2 Qe5 30. Rc1 Rd8 31. Qf2 h5 32. b4 g6 33. Rc5 Qd6 34.
Qh4 Re8 35. Qg5 b6 36. Rc6 Qe5 37. Qh6 Qg3 38. b5 h4 39. a3 Qe1+ 40. Kh2 Qg3+
41. Kg1 a6 42. bxa6 Bxa6 43. Rxb6 Bd3 44. Rc6 Qe1+ 45. Kh2 Qg3+ 46. Kg1 Qe1+
47. Kh2 Qg3+ 48. Kg1 Qe1+ 1/2-1/2

[Event "Zonal 2.5 Absoluto"]
[Site "Asuncion"]
[Date "2009.06.12"]
[Round "3"]
[White "Flores, Diego"]
[Black "Felgaer, Ruben"]
[Result "0-1"]
[WhiteElo "2579"]
[BlackElo "2561"]
[PlyCount "126"]
[EventDate "2009.06.10"]
[EventType "team"]
[EventRounds "9"]
[EventCountry "PAR"]
[SourceDate "2009.06.10"]

1. c4 c5 2. Nc3 g6 3. g3 Bg7 4. Bg2 Nc6 5. a3 b6 6. Nh3 Bb7 7. d3 e6 8. O-O
Nge7 9. Nf4 d6 10. Bd2 O-O 11. b4 Qd7 12. Qa4 Rfd8 13. Rab1 Nd4 14. Qxd7 Rxd7
15. Bxb7 Rxb7 16. Kg2 Rd7 17. Rfc1 Rc8 18. a4 Nec6 19. b5 Na5 20. Be1 Rcd8 21.
e3 Ndb3 22. Rc2 d5 23. cxd5 exd5 24. Nce2 d4 25. Nc1 Nxc1 26. Bxa5 g5 27. Nh5
Nxd3 28. Bd2 dxe3 29. Bxe3 h6 30. Rc4 Nb2 31. Re4 Nd1 32. Rb3 Nxe3+ 33. Rbxe3
Bd4 34. Rf3 Kf8 35. h4 Rd6 36. hxg5 hxg5 37. g4 c4 38. Ng3 c3 39. Re2 Bg7 40.
Ne4 Rd2 41. Re1 R2d4 42. Nxc3 Rxg4+ 43. Kf1 Bxc3 44. Rxc3 Rxa4 45. Re5 f6 46.
Rf5 Kg7 47. Rc6 Rf8 48. Kg2 Kg6 49. Rd5 Rf7 50. Kg3 Re7 51. Rd8 Rb4 52. Rf8 Rf7
53. Rxf7 Kxf7 54. Rc7+ Kg6 55. Rxa7 Rxb5 56. Rb7 Rb4 57. Rb8 Kf5 58. Re8 Re4
59. Rb8 Rb4 60. Re8 b5 61. Re7 Rb3+ 62. f3 g4 63. Kh4 Rxf3 0-1

[Event "Zonal 2.5 Absoluto"]
[Site "Asuncion"]
[Date "2009.06.12"]
[Round "3"]
[White "Heinichen, John"]
[Black "Daneri, Martin"]
[Result "1-0"]
[WhiteElo "1691"]
[BlackElo "2149"]
[PlyCount "131"]
[EventDate "2009.06.10"]
[EventType "team"]
[EventRounds "9"]
[EventCountry "PAR"]
[SourceDate "2009.06.10"]

1. e4 c5 2. Nc3 a6 3. a4 Nc6 4. g3 e6 5. Bg2 Nf6 6. f4 d5 7. d3 Be7 8. Nf3 O-O
9. O-O Rb8 10. Qe2 b5 11. axb5 axb5 12. Nd1 Bb7 13. e5 Nd7 14. c3 d4 15. h4 Nb6
16. Ng5 h6 17. Qh5 c4 18. dxc4 bxc4 19. Be4 Qe8 20. f5 Nxe5 21. f6 Bxf6 22.
Rxf6 Bxe4 23. Nxe4 Ng6 24. Ra7 Qc6 25. Rxg6 fxg6 26. Qxg6 Rb7 27. Rxb7 Qxb7 28.
Qxe6+ Kh7 29. cxd4 Rd8 30. h5 Nd5 31. Ndf2 Qa7 32. Nd6 Qxd4 33. Bxh6 Qf6 34.
Qe4+ Kh8 35. Bg5 Qxd6 36. Bxd8 Qxg3+ 37. Kf1 Ne3+ 38. Ke2 Ng2 39. Qe8+ Kh7 40.
Qg6+ Qxg6 41. hxg6+ Kxg6 42. Nh3 Kh5 43. Kf2 Nh4 44. Bxh4 Kxh4 45. Ng1 Kg4 46.
Nf3 Kf4 47. Nd2 Ke5 48. Nxc4+ Kd4 49. Nd2 Kd3 50. b4 Kd4 51. Ke2 g5 52. Kd1 g4
53. Kc2 g3 54. Kb3 Kd3 55. Nf3 Ke4 56. Nh4 Kf4 57. b5 Kg4 58. Ng2 Kf3 59. b6
Kxg2 60. b7 Kf2 61. b8=Q g2 62. Qf4+ Ke2 63. Qh2 Kf1 64. Qh3 Kf2 65. Qf5+ Ke2
66. Qe4+ 1-0

[Event "Zonal 2.5 Absoluto"]
[Site "Asuncion"]
[Date "2009.06.12"]
[Round "3"]
[White "Lafuente, Pablo"]
[Black "Goiriz, Damian"]
[Result "1-0"]
[WhiteElo "2517"]
[BlackElo "2056"]
[PlyCount "71"]
[EventDate "2009.06.10"]
[EventType "team"]
[EventRounds "9"]
[EventCountry "PAR"]
[SourceDate "2009.06.10"]

1. d4 Nf6 2. c4 e6 3. Nf3 d5 4. Nc3 Be7 5. Bg5 O-O 6. Qc2 Nbd7 7. e3 h6 8. Bh4
b6 9. cxd5 exd5 10. Be2 Bb7 11. O-O Ne4 12. Bxe7 Qxe7 13. Rac1 f5 14. Nd2 c5
15. dxc5 bxc5 16. Ndxe4 fxe4 17. Na4 c4 18. b3 Ne5 19. bxc4 d4 20. exd4 Nf3+
21. Kh1 Qh4 22. gxf3 exf3 23. Bd3 Rae8 24. Qb2 Bc8 25. Rg1 Bh3 26. Rg3 Bg2+ 27.
Kg1 Rf4 28. h3 Rg4 29. Qb5 Rf8 30. Qd5+ Kh8 31. Qd6 Rg8 32. Bf1 Rxd4 33. Qc7
Bxf1 34. Kxf1 Qf4 35. Qxf4 Rxf4 36. Nb2 1-0

[Event "Zonal 2.5 Absoluto"]
[Site "Asuncion"]
[Date "2009.06.12"]
[Round "3"]
[White "Lemos, Damian"]
[Black "Valdes Escobar, Alvaro"]
[Result "1-0"]
[WhiteElo "2512"]
[BlackElo "2393"]
[PlyCount "63"]
[EventDate "2009.06.10"]
[EventType "team"]
[EventRounds "9"]
[EventCountry "PAR"]
[SourceDate "2009.06.10"]

1. Nf3 Nf6 2. c4 e6 3. Nc3 c5 4. g3 b6 5. Bg2 Bb7 6. O-O Be7 7. d4 cxd4 8. Qxd4
Nc6 9. Qf4 O-O 10. Rd1 Qb8 11. b3 Rd8 12. h3 Qxf4 13. Bxf4 Rac8 14. Bd6 Kf8 15.
Nb5 Ne8 16. Bf4 a6 17. Nc3 Bf6 18. Rac1 Nb4 19. Na4 Nxa2 20. Rc2 Nb4 21. Rcd2
d5 22. Nxb6 Rc6 23. Na4 Rcc8 24. Be3 Be7 25. Nb6 Rc7 26. Na4 Rcc8 27. Bb6 Nc7
28. Nd4 Ke8 29. Ba5 Nc6 30. Nxc6 Bxc6 31. Nb6 Rb8 32. Nxd5 1-0

[Event "Zonal 2.5 Absoluto"]
[Site "Asuncion"]
[Date "2009.06.12"]
[Round "3"]
[White "Pereira, Fabian"]
[Black "Lopez Silva, Hugo"]
[Result "0-1"]
[WhiteElo "2062"]
[BlackElo "2424"]
[PlyCount "100"]
[EventDate "2009.06.10"]
[EventType "team"]
[EventRounds "9"]
[EventCountry "PAR"]
[SourceDate "2009.06.10"]

1. e4 e5 2. Nf3 Nc6 3. Bb5 a6 4. Ba4 Nf6 5. O-O b5 6. Bb3 Be7 7. Re1 d6 8. c3
O-O 9. h3 Bb7 10. d4 Re8 11. a4 Bf8 12. Nbd2 g6 13. Bc2 exd4 14. Nxd4 Bg7 15.
axb5 Nxd4 16. cxd4 axb5 17. Rxa8 Qxa8 18. Qe2 Nxe4 19. Nxe4 Bxe4 20. Bxe4 d5
21. Qxb5 Bxd4 22. Bf4 c6 23. Qd3 c5 24. b4 dxe4 25. Qd2 Qa3 26. bxc5 Bxc5 27.
Qd7 Qa8 28. Rc1 Bb6 29. Qc6 Qd8 30. Bg5 Qb8 31. Rc4 Ba7 32. Rb4 Qe5 33. Bf6 Qe6
34. Qxe6 Rxe6 35. Bb2 Re7 36. Bf6 Re6 37. Bb2 Bb6 38. Rc4 f5 39. Kf1 Rd6 40.
Ke2 Bxf2 41. Rc8+ Kf7 42. Rc7+ Ke6 43. Rxh7 Bg3 44. Rb7 Rc6 45. Bd4 Rc2+ 46.
Kf1 Kd5 47. Rd7+ Kc4 48. Be3 Ra2 49. Rd1 f4 50. Rd4+ Kc3 0-1

[Event "Zonal 2.5 Absoluto"]
[Site "Asuncion"]
[Date "2009.06.12"]
[Round "3"]
[White "Pierrot, Facundo"]
[Black "Riline, Alejandro"]
[Result "1-0"]
[WhiteElo "2424"]
[BlackElo "2209"]
[PlyCount "119"]
[EventDate "2009.06.10"]
[EventType "team"]
[EventRounds "9"]
[EventCountry "PAR"]
[SourceDate "2009.06.10"]

1. d4 d5 2. c4 c6 3. Nc3 Nf6 4. Nf3 g6 5. Bf4 Bg7 6. e3 O-O 7. h3 a6 8. Be2
dxc4 9. Bxc4 b5 10. Be2 Nbd7 11. Ne5 Nxe5 12. Bxe5 Be6 13. O-O Nd5 14. Bxg7
Nxc3 15. bxc3 Kxg7 16. f4 f5 17. Qc2 c5 18. a4 b4 19. cxb4 cxb4 20. Qb2 Bd5 21.
Qxb4 a5 22. Qa3 Rf6 23. Rfc1 Re6 24. Rab1 g5 25. Rf1 gxf4 26. Rxf4 Rg6 27. Bf3
Bxf3 28. Rxf3 Qd7 29. Qc5 Rf6 30. Rb5 Rc8 31. Qe5 Rc1+ 32. Kh2 e6 33. Rxa5 Qc7
34. Qxc7+ Rxc7 35. g4 Rc2+ 36. Kg3 Rg6 37. Ra7+ Kg8 38. Ra6 fxg4 39. hxg4 h5
40. Rf4 Rc3 41. Re4 Kf7 42. Ra7+ Kf8 43. Ra5 hxg4 44. Rae5 Kf7 45. Rxg4 Rh6 46.
a5 Ra3 47. Kf4 Rh3 48. Rg3 Rh4+ 49. Rg4 Rh3 50. Rg1 Rh4+ 51. Kg5 Rh8 52. Rf1+
Ke7 53. Rf6 Ra1 54. Rexe6+ Kd7 55. Ra6 Rg1+ 56. Kf5 Rf1+ 57. Ke5 Rh5+ 58. Ke4
Rxf6 59. Rxf6 Rxa5 60. d5 1-0

[Event "Zonal 2.5 Absoluto"]
[Site "Asuncion"]
[Date "2009.06.12"]
[Round "3"]
[White "Rodriguez, Andres"]
[Black "Mareco, Sandro"]
[Result "1/2-1/2"]
[WhiteElo "2524"]
[BlackElo "2512"]
[PlyCount "104"]
[EventDate "2009.06.10"]
[EventType "team"]
[EventRounds "9"]
[EventCountry "PAR"]
[SourceDate "2009.06.10"]

1. e4 e5 2. Nf3 Nc6 3. Bc4 Bc5 4. c3 Nf6 5. b4 Bb6 6. d3 O-O 7. O-O d6 8. Bg5
Ne7 9. Nbd2 Ng6 10. Nh4 Nxh4 11. Bxh4 h6 12. Bb3 g5 13. Bg3 Bg4 14. Qe1 a6 15.
Nc4 Ba7 16. Ne3 Bh5 17. f3 c6 18. Rd1 Bg6 19. d4 Qc7 20. dxe5 dxe5 21. Kh1 b5
22. c4 Qe7 23. c5 Rad8 24. Qc3 Bb8 25. a4 Nh5 26. axb5 axb5 27. Ra1 Rd4 28. Ra6
Qd7 29. Bc2 Rd8 30. Bf2 Kh7 31. Qb3 f6 32. Nf5 Bf7 33. Qb1 Qc8 34. Ra8 R4d7 35.
Nd6 Qc7 36. g3 Ng7 37. f4 Ne8 38. Nxf7 Rxf7 39. Be3 Ng7 40. Bb3 Rfd7 41. fxg5
fxg5 42. Qc2 Rd3 43. Bc1 Qd7 44. Ba2 Rd1 45. Qe2 Rxf1+ 46. Qxf1 Qd1 47. Qxd1
Rxd1+ 48. Kg2 Rxc1 49. Bf7 Rc2+ 50. Kg1 Rc1+ 51. Kg2 Rc2+ 52. Kg1 Rc1+ 1/2-1/2

[Event "Zonal 2.5 Absoluto"]
[Site "Asuncion"]
[Date "2009.06.12"]
[Round "3"]
[White "Roman, Rodrigo"]
[Black "Demaria, Juan Pablo"]
[Result "1/2-1/2"]
[WhiteElo "1848"]
[BlackElo "2288"]
[PlyCount "99"]
[EventDate "2009.06.10"]
[EventType "team"]
[EventRounds "9"]
[EventCountry "PAR"]
[SourceDate "2009.06.10"]

1. e4 c5 2. Nc3 Nc6 3. g3 g6 4. Bg2 Bg7 5. d3 Rb8 6. Be3 d6 7. Qd2 b5 8. Nge2
b4 9. Nd1 e6 10. O-O Nge7 11. Bh6 O-O 12. Bxg7 Kxg7 13. Ne3 Nd4 14. c3 bxc3 15.
bxc3 Nxe2+ 16. Qxe2 Ba6 17. Qd2 d5 18. exd5 Nxd5 19. Nxd5 exd5 20. Rab1 Qd6 21.
Qc2 d4 22. Rfd1 Rfe8 23. c4 Re7 24. Rxb8 Qxb8 25. Qd2 Bc8 26. Re1 Rxe1+ 27.
Qxe1 Bf5 28. Be4 Qe5 29. f3 Be6 30. Kf2 Qb8 31. Bc6 h5 32. Be4 Qb2+ 33. Qe2 Qb1
34. Kg2 a5 35. Bc6 Qb8 36. Bb5 h4 37. a4 Kf6 38. Qe4 hxg3 39. hxg3 g5 40. Qh7
Qf8 41. g4 Qg7 42. Qe4 Qg6 43. Kg3 Qh6 44. Bc6 Qh1 45. Bd5 Qg1+ 46. Kh3 Qf2 47.
Bxe6 fxe6 48. Qa8 Qf1+ 49. Kg3 Qg1+ 50. Kh3 1/2-1/2

[Event "Zonal 2.5 Absoluto"]
[Site "Asuncion"]
[Date "2009.06.12"]
[Round "3"]
[White "Roselli, Bernardo"]
[Black "Latorre, Matias"]
[Result "1-0"]
[WhiteElo "2379"]
[BlackElo "2041"]
[PlyCount "123"]
[EventDate "2009.06.10"]
[EventType "team"]
[EventRounds "9"]
[EventCountry "PAR"]
[SourceDate "2009.06.10"]

1. d4 Nf6 2. c4 e6 3. Nf3 d5 4. Nc3 Be7 5. Bg5 O-O 6. e3 h6 7. Bh4 b6 8. cxd5
Nxd5 9. Nxd5 exd5 10. Bxe7 Qxe7 11. Rc1 Bb7 12. Qa4 c5 13. Qa3 Rc8 14. Be2 Nd7
15. O-O Bc6 16. dxc5 bxc5 17. Nd4 Qf6 18. Nxc6 Qxc6 19. Rc2 Rc7 20. Rfc1 g6 21.
Bg4 f5 22. Bf3 Rac8 23. Qd3 Nf6 24. h3 Kf7 25. Rxc5 Qxc5 26. Rxc5 Rxc5 27. Kh2
a5 28. Qd4 Ke6 29. b3 h5 30. h4 R8c6 31. Kg3 Rc2 32. a4 R2c3 33. Qa7 Rxb3 34.
Qxa5 Rbc3 35. Kf4 R3c5 36. Qa7 Rc7 37. Qb8 Ne4 38. a5 R7c6 39. Qe8+ Kf6 40.
Qf8+ Ke6 41. Qg7 Rxa5 42. Qxg6+ Kd7 43. Qxf5+ Ke7 44. Qe5+ Kf8 45. Bxe4 Rc4 46.
f3 Rac5 47. Qxh5 dxe4 48. Qh8+ Kf7 49. fxe4 Rc2 50. g3 Rf2+ 51. Kg4 Rf6 52.
Qh7+ Ke6 53. Qg8+ Ke7 54. Qg7+ Ke6 55. h5 Rc4 56. Qg8+ Rf7 57. h6 Rxe4+ 58. Kh3
Re5 59. Kh4 Re4+ 60. g4 Kf6 61. Qg5+ Ke6 62. Qg6+ 1-0

[Event "Zonal 2.5 Absoluto"]
[Site "Asuncion"]
[Date "2009.06.12"]
[Round "3"]
[White "Sartori, Sergio"]
[Black "Perez Ferloni, Jose"]
[Result "0-1"]
[WhiteElo "2051"]
[BlackElo "1916"]
[PlyCount "62"]
[EventDate "2009.06.10"]
[EventType "team"]
[EventRounds "9"]
[EventCountry "PAR"]
[SourceDate "2009.06.10"]

1. e4 e6 2. d4 d5 3. e5 c5 4. c3 Nc6 5. Nf3 Bd7 6. Bd3 Qb6 7. dxc5 Bxc5 8. O-O
a5 9. a4 Nge7 10. Na3 Ng6 11. Qe2 Bxa3 12. Rxa3 O-O 13. Ng5 Ncxe5 14. Bc2 h6
15. Nh3 f5 16. Be3 Qc7 17. Nf4 Ng4 18. Qd2 N6e5 19. Bb3 g5 20. Bd4 gxf4 21. h3
f3 22. Re1 fxg2 23. Kxg2 Nc4 24. Bxc4 Qh2+ 25. Kf3 Qxh3+ 26. Ke2 dxc4 27. Raa1
Bc6 28. Rg1 Qf3+ 29. Ke1 Kf7 30. Rg3 Qe4+ 31. Kf1 Nh2+ 0-1

[Event "Zonal 2.5 Absoluto"]
[Site "Asuncion"]
[Date "2009.06.12"]
[Round "3"]
[White "Villalba, Marcelo"]
[Black "Kropff, Ricardo"]
[Result "1/2-1/2"]
[WhiteElo "2020"]
[BlackElo "2298"]
[PlyCount "41"]
[EventDate "2009.06.10"]
[EventType "team"]
[EventRounds "9"]
[EventCountry "PAR"]
[SourceDate "2009.06.10"]

1. e4 c6 2. d4 d5 3. Nd2 dxe4 4. Nxe4 Bf5 5. Ng3 Bg6 6. Bc4 e6 7. N1e2 Bd6 8.
f4 Ne7 9. Bd3 Bxd3 10. Qxd3 Nd7 11. c4 Nf6 12. Bd2 O-O 13. Bc3 a5 14. a3 Qb8
15. O-O b5 16. b3 Rd8 17. f5 e5 18. Qe3 Qa7 19. Kh1 a4 20. Qf3 Qb8 21. Qe3
1/2-1/2

[Event "Zonal 2.5 Absoluto"]
[Site "Asuncion"]
[Date "2009.06.13"]
[Round "4"]
[White "Kropff, Ricardo"]
[Black "Butti, Enrique"]
[Result "1-0"]
[WhiteElo "2298"]
[BlackElo "2100"]
[PlyCount "37"]
[EventDate "2009.06.10"]
[EventType "team"]
[EventRounds "9"]
[EventCountry "PAR"]
[SourceDate "2009.06.10"]

1. c4 e6 2. Nf3 d5 3. b3 Nf6 4. g3 c5 5. Bg2 Nc6 6. O-O Be7 7. e3 O-O 8. Qe2 d4
9. exd4 Nxd4 10. Nxd4 Qxd4 11. Nc3 Rd8 12. Rb1 a6 13. Na4 Qd6 14. d4 cxd4 15.
Bf4 Qb4 16. Bc7 Re8 17. h3 Qa3 18. Nb6 Ra7 19. Bb8 1-0

[Event "Zonal 2.5 Absoluto"]
[Site "Asuncion"]
[Date "2009.06.13"]
[Round "4"]
[White "Del Puerto, Rodrigo"]
[Black "Heinichen, John"]
[Result "1-0"]
[WhiteElo "2090"]
[BlackElo "1691"]
[PlyCount "69"]
[EventDate "2009.06.10"]
[EventType "team"]
[EventRounds "9"]
[EventCountry "PAR"]
[SourceDate "2009.06.10"]

1. e4 e6 2. d4 c5 3. d5 exd5 4. exd5 d6 5. Bd3 Nf6 6. Nf3 Be7 7. h3 O-O 8. c4
b5 9. cxb5 Bb7 10. Nc3 Nbd7 11. O-O Nb6 12. a4 Rc8 13. a5 Nbxd5 14. a6 Nxc3 15.
bxc3 Bxf3 16. Qxf3 Qd7 17. Bf5 Qxb5 18. Bxc8 Rxc8 19. Qb7 Qd7 20. Bg5 Rc7 21.
Rab1 h6 22. Bf4 Bd8 23. Qf3 Kh7 24. Rfd1 Rc6 25. Rb7 Bc7 26. Rxa7 d5 27. Qd3+
g6 28. Bxc7 Rxc7 29. Rxc7 Qxc7 30. Qb5 Ne4 31. Qb7 Qf4 32. Qb2 Qc7 33. Ra1 Nd6
34. a7 Nc4 35. Qb8 1-0

[Event "Zonal 2.5 Absoluto"]
[Site "Asuncion"]
[Date "2009.06.13"]
[Round "4"]
[White "Latorre, Matias"]
[Black "Garcia Cardenas, Pablo"]
[Result "0-1"]
[WhiteElo "2041"]
[BlackElo "2314"]
[PlyCount "42"]
[EventDate "2009.06.10"]
[EventType "team"]
[EventRounds "9"]
[EventCountry "PAR"]
[SourceDate "2009.06.10"]

1. Nf3 Nf6 2. b3 e6 3. Bb2 d5 4. c4 c5 5. e3 Nc6 6. cxd5 exd5 7. d4 cxd4 8.
Nxd4 Bb4+ 9. Nc3 Qa5 10. Nde2 Ne4 11. Qc2 Bf5 12. a3 Nxc3 13. Qxf5 Ne4+ 14. Kd1
Bxa3 15. Nc3 Nxc3+ 16. Kc2 Ne4 17. Rxa3 Qd2+ 18. Kb1 Qd1+ 19. Bc1 O-O 20. f3
Nb4 21. Kb2 Qc2+ 0-1